[Event "POL-chT 2nd League"]
[Site "Jastrzebia Gora"]
[Date "2023.09.07"]
[Round "6.97"]
[White "Jaskolka, Tomasz"]
[Black "Trzebinski, Patryk"]
[Result "1/2-1/2"]
[WhiteElo "2228"]
[BlackElo "1916"]
[PlyCount "79"]
[EventDate "2023.09.02"]
[EventType "team-swiss"]
[EventRounds "9"]
[EventCountry "POL"]
[SourceTitle "EXT 2024"]
[Source "ChessBase"]
[SourceDate "2023.10.10"]
[SourceVersion "1"]
[SourceVersionDate "2023.10.10"]
[SourceQuality "1"]
[WhiteTeam "Rzeszow Szachownica"]
[BlackTeam "Gdynia MDK"]
[WhiteTeamCountry "POL"]
[BlackTeamCountry "POL"]

1. e4 c5 2. Nf3 Nc6 3. b4 cxb4 4. d4 d5 5. exd5 Qxd5 6. c4 bxc3 7. Nxc3 Qa5 8. Rb1 Qxc3+ 9. Bd2 Qa3 10. d5 e6 11. dxc6 bxc6 12. Qc2 Bd7 13. Rb3 Qd6 14. Ba6 c5 15. Bc4 Nf6 16. 0-0 Be7 17. Bc3 Ba4 18. Bb5+ Bxb5 19. Rxb5 0-0 20. Ng5 h6 21. Bxf6 hxg5 22. Bxe7 Qxe7 23. Rxc5 Rfd8 24. g3 Rd7 25. Qc1 f6 26. Qe3 Rad8 27. Ra5 Rb8 28. Rc1 e5 29. Ra6 Qf7 30. Qe4 Rd4 31. Qc2 Qd7 32. Rc6 Rd8 33. Qb3+ Qd5 34. Ra6 Qxb3 35. axb3 Rd1+ 36. Rxd1 Rxd1+ 37. Kg2 Rd3 38. Rxa7 Rxb3 39. g4 Kh7 40. f3 1/2-1/2

[Event "POL-ch Blitz U18"]
[Site "Bydgoszcz"]
[Date "2023.08.31"]
[Round "9"]
[White "Grzebieniowski, Michal"]
[Black "Trzebinski, Patryk"]
[Result "1-0"]
[WhiteElo "1779"]
[BlackElo "1940"]
[PlyCount "65"]
[EventDate "2023.08.28"]
[EventType "swiss"]
[EventRounds "10"]
[EventCountry "POL"]
[SourceTitle "EXT 2024"]
[Source "ChessBase"]
[SourceDate "2023.10.10"]
[SourceVersion "1"]
[SourceVersionDate "2023.10.10"]
[SourceQuality "1"]

1. d4 Nf6 2. c4 e5 3. dxe5 Ne4 4. Nf3 Nc6 5. Qd3 Nc5 6. Qc2 d6 7. exd6 Bxd6 8. Bd2 Bg4 9. a3 a5 10. Bc3 0-0 11. Nbd2 a4 12. e3 f5 13. Be2 Qe7 14. h3 Bh5 15. Bd4 Ne4 16. 0-0 Nxd2 17. Qxd2 Rad8 18. Qc2 f4 19. c5 Be5 20. Bxe5 Nxe5 21. Nxe5 Qxe5 22. Bxh5 Qxh5 23. Qxa4 Qxc5 24. exf4 Rd4 25. Qb3+ Kh8 26. Rac1 Qf5 27. Qxb7 Rxf4 28. Qa7 Qb5 29. b4 R4f7 30. Rxc7 Rf6 31. Qc5 Qa4 32. Rc8 Qxa3 33. Rxf8+ 1-0

[Event "POL-ch Rapid U18"]
[Site "Bydgoszcz"]
[Date "2023.08.29"]
[Round "3"]
[White "Stepinski, Piotr"]
[Black "Trzebinski, Patryk"]
[Result "1-0"]
[WhiteElo "1762"]
[BlackElo "2039"]
[PlyCount "141"]
[EventDate "2023.08.28"]
[EventType "swiss"]
[EventRounds "11"]
[EventCountry "POL"]
[SourceTitle "EXT 2024"]
[Source "ChessBase"]
[SourceDate "2023.10.10"]
[SourceVersion "1"]
[SourceVersionDate "2023.10.10"]
[SourceQuality "1"]

1. e4 c5 2. Nf3 Nc6 3. Bb5 g6 4. 0-0 Bg7 5. Re1 e5 6. c3 Nge7 7. d3 0-0 8. Be3 d6 9. Na3 a6 10. Bxc6 Nxc6 11. h3 f5 12. exf5 gxf5 13. Bg5 Bf6 14. Qd2 f4 15. Bxf6 Qxf6 16. d4 cxd4 17. cxd4 e4 18. Rxe4 Bxh3 19. gxh3 Qg6+ 20. Ng5 Qxg5+ 21. Kh2 d5 22. Re2 Kh8 23. Rg1 Qf6 24. Nc2 Rae8 25. Rxe8 Rxe8 26. Rg4 Re4 27. f3 Nxd4 28. Nxd4 Qxd4 29. Qc1 Qc4 30. Qg1 Re8 31. b3 Qd3 32. Rg2 Qe3 33. Qb1 d4 34. Qf5 Qe5 35. Qd7 b5 36. a4 bxa4 37. bxa4 a5 38. Qc6 Rg8 39. Rxg8+ Kxg8 40. Qc8+ Kg7 41. Qd7+ Kg6 42. Qc6+ Kg5 43. Qc2 Qd5 44. Qxh7 Qa2+ 45. Kg1 Qa1+ 46. Kg2 Qb2+ 47. Kg1 Qc1+ 48. Kg2 Qd2+ 49. Kg1 Qe1+ 50. Kg2 Qg3+ 51. Kf1 Qxf3+ 52. Ke1 Qe3+ 53. Kd1 d3 54. Qg7+ Kf5 55. Qf7+ Ke4 56. Qb7+ Kd4 57. Qb6+ Kc4 58. Qb5+ Kc3 59. Qxa5+ Kb3 60. Qd5+ Ka3 61. Qd6+ Ka2 62. Qd5+ Ka1 63. Qg2 Qd4 64. Qd2 Qg1+ 65. Qe1 Qd4 66. Kd2+ Kb2 67. Qc1+ Ka2 68. Qc3 Qxc3+ 69. Kxc3 f3 70. Kxd3 f2 71. Ke2 1-0

[Event "POL-ch U16"]
[Site "Jastrzebia Gora"]
[Date "2023.??.??"]
[Round "8"]
[White "Kazmierowski, Tymon"]
[Black "Trzebinski, Patryk"]
[Result "1-0"]
[WhiteElo "1998"]
[BlackElo "1826"]
[PlyCount "99"]
[EventDate "2023.03.11"]
[EventType "swiss"]
[EventRounds "9"]
[EventCountry "POL"]
[SourceTitle "CBM 213 Extra"]
[Source "ChessBase"]
[SourceDate "2023.05.31"]
[SourceVersion "1"]
[SourceVersionDate "2023.05.31"]
[SourceQuality "1"]

1. e4 c5 2. Nf3 d6 3. d4 cxd4 4. Nxd4 Nf6 5. Nc3 g6 6. Be3 Bg7 7. Be2 0-0 8. 0-0 Nc6 9. f3 Bd7 10. Qd2 Rc8 11. Rac1 Ne5 12. Nd5 Nxd5 13. exd5 Nc4 14. Bxc4 Rxc4 15. b3 Rc7 16. c4 Qb8 17. Bg5 Re8 18. Rfe1 b5 19. Nxb5 Bxb5 20. cxb5 Qxb5 21. Rxc7 Qb6+ 22. Be3 Qxc7 23. Rc1 Qb7 24. Qa5 Rc8 25. Rc6 Rxc6 26. dxc6 Qxc6 27. Qd8+ Bf8 28. Bh6 Qb6+ 29. Qxb6 axb6 30. Be3 Bg7 31. Bxb6 Kf8 32. Kf2 Ke8 33. b4 Kd7 34. b5 Kc8 35. a4 Kb7 36. a5 d5 37. Bc5 e6 38. a6+ Kc8 39. f4 Bf6 40. b6 Bd8 41. Ke2 f6 42. Kd3 e5 43. fxe5 fxe5 44. b7+ Kb8 45. Bd6+ Bc7 46. a7+ Kxa7 47. Bxc7 e4+ 48. Kd4 Kxb7 49. Bf4 Kc6 50. h4 1-0

[Event "POL-ch U16"]
[Site "Jastrzebia Gora"]
[Date "2023.??.??"]
[Round "2"]
[White "Pancewicz, Szymon"]
[Black "Trzebinski, Patryk"]
[Result "1/2-1/2"]
[WhiteElo "1909"]
[BlackElo "1826"]
[PlyCount "100"]
[EventDate "2023.03.11"]
[EventType "swiss"]
[EventRounds "9"]
[EventCountry "POL"]
[SourceTitle "CBM 213 Extra"]
[Source "ChessBase"]
[SourceDate "2023.05.31"]
[SourceVersion "1"]
[SourceVersionDate "2023.05.31"]
[SourceQuality "1"]

1. e4 c5 2. Nf3 d6 3. d4 cxd4 4. Nxd4 Nf6 5. Nc3 g6 6. Be3 Bg7 7. f3 0-0 8. Qd2 Nc6 9. Bc4 Bd7 10. 0-0-0 Rb8 11. Kb1 Ne5 12. Be2 b5 13. Ncxb5 Qc8 14. Nc3 Nc4 15. Bxc4 Qxc4 16. Nb3 Qc7 17. Bd4 Be6 18. Nd5 Bxd5 19. exd5 Rb5 20. Qf2 a5 21. a4 Rb4 22. Rhe1 Rxa4 23. Bc3 Qb7 24. Qd2 Rb8 25. g4 Ne8 26. Bxg7 Nxg7 27. Qc3 Rb4 28. Re4 Rb5 29. Rc4 Ne8 30. Kc1 Qa8 31. Ra4 Rc8 32. Rxa5 Rxa5 33. Qxa5 Qb7 34. Kb1 Ra8 35. Qc3 Nf6 36. Qc6 Qa7 37. Re1 Kf8 38. Qc3 Qf2 39. g5 Ng8 40. Qe3 Qxh2 41. Nd4 h6 42. Nc6 hxg5 43. Nxe7 Qf4 44. Qxf4 gxf4 45. Nc6 Nf6 46. c4 Re8 47. Rxe8+ Kxe8 48. Kc2 Kd7 49. Kd3 Nh5 50. b4 g5 1/2-1/2

[Event "POL-ch U16"]
[Site "Jastrzebia Gora"]
[Date "2023.??.??"]
[Round "5"]
[White "Trzebinski, Patryk"]
[Black "Brozynski, Patryk"]
[Result "1/2-1/2"]
[WhiteElo "1826"]
[BlackElo "1910"]
[PlyCount "87"]
[EventDate "2023.03.11"]
[EventType "swiss"]
[EventRounds "9"]
[EventCountry "POL"]
[SourceTitle "CBM 213 Extra"]
[Source "ChessBase"]
[SourceDate "2023.05.31"]
[SourceVersion "1"]
[SourceVersionDate "2023.05.31"]
[SourceQuality "1"]

1. e4 c5 2. Nf3 e6 3. d4 cxd4 4. Nxd4 Nc6 5. Nb5 d6 6. N1c3 a6 7. Nd4 Be7 8. Be3 Nf6 9. f3 Qc7 10. Qd2 b5 11. Nxc6 Qxc6 12. 0-0-0 Bb7 13. g4 Nd7 14. h4 Rc8 15. a3 Ne5 16. Qg2 Nc4 17. Bxc4 Qxc4 18. Rd4 Qc7 19. g5 d5 20. exd5 Bxa3 21. Rd3 Qa5 22. Nb1 Bc5 23. Bxc5 Rxc5 24. dxe6 fxe6 25. Qg4 Rf5 26. Qh5+ Ke7 27. Rhd1 Qc7 28. Qg4 Rc8 29. Rd7+ Qxd7 30. Rxd7+ Kxd7 31. Qd4+ Ke8 32. Qxg7 Bxf3 33. Qg8+ Kd7 34. Qxh7+ Kd6 35. Qa7 Rc4 36. Qxa6+ Bc6 37. Qa3+ Kd7 38. Qa7+ Kc8 39. Qa6+ Kd7 40. Qa7+ Kc8 41. Qb6 Bd7 42. Qa6+ Kb8 43. Qd6+ Kc8 44. Qa6+ 1/2-1/2

[Event "EU-ch Blitz"]
[Site "Katowice"]
[Date "2022.12.16"]
[Round "1"]
[White "Bartel, Mateusz"]
[Black "Trzebinski, Patryk"]
[Result "1-0"]
[WhiteElo "2627"]
[BlackElo "1792"]
[PlyCount "43"]
[EventDate "2022.12.16"]
[EventType "swiss (blitz)"]
[EventRounds "22"]
[EventCountry "POL"]
[SourceTitle "CBM 211 Extra"]
[Source "ChessBase"]
[SourceDate "2023.01.31"]
[SourceVersion "1"]
[SourceVersionDate "2023.01.31"]
[SourceQuality "1"]

1. Nf3 c5 2. e4 Nc6 3. b4 cxb4 4. d4 d5 5. exd5 Qxd5 6. c4 Qh5 7. Be2 Bg4 8. h3 0-0-0 9. Be3 Bxf3 10. Bxf3 Qg6 11. 0-0 e6 12. a3 Nxd4 13. Bxd4 e5 14. Qa4 exd4 15. axb4 a6 16. Nd2 Nf6 17. Bxb7+ Kxb7 18. Qxa6+ Kc7 19. Qa7+ Kd6 20. Rfe1 Rc8 21. Ra6+ Rc6 22. Qc5+ 1-0

[Event "POL-ch U16"]
[Site "Sypniewo"]
[Date "2022.03.21"]
[Round "3"]
[White "Trzebinski, Patryk"]
[Black "Karut, Kacper"]
[Result "1-0"]
[WhiteElo "1711"]
[BlackElo "1763"]
[PlyCount "71"]
[EventDate "2022.03.19"]
[EventType "swiss"]
[EventRounds "9"]
[EventCountry "POL"]
[SourceTitle "CBM 207 Extra"]
[Source "ChessBase"]
[SourceDate "2022.05.31"]
[SourceVersion "1"]
[SourceVersionDate "2022.05.31"]
[SourceQuality "1"]

1. e4 c6 2. d4 d5 3. exd5 cxd5 4. c4 Nf6 5. Nc3 e6 6. c5 Be7 7. Nf3 0-0 8. Bd3 b6 9. b4 a5 10. Na4 Nbd7 11. a3 axb4 12. axb4 bxc5 13. bxc5 e5 14. Nxe5 Nxe5 15. dxe5 Ne4 16. 0-0 Nxc5 17. Bc2 Bd7 18. Be3 Bxa4 19. Bxa4 Nxa4 20. Rxa4 Rxa4 21. Qxa4 Qc7 22. Qd4 Rd8 23. Rc1 Qb7 24. h3 h6 25. Qg4 Qa6 26. Bd4 Qe6 27. Rc7 Qxg4 28. hxg4 Bf8 29. f4 Ra8 30. Rd7 Ra4 31. Be3 Ra5 32. Rd8 Ra1+ 33. Kh2 Ra5 34. f5 d4 35. Bxd4 g6 36. e6 1-0

[Event "EU-ch Blitz"]
[Site "Katowice"]
[Date "2021.12.17"]
[Round "12"]
[White "Trzebinski, Patryk"]
[Black "Balog, Imre1111"]
[Result "0-1"]
[WhiteElo "1725"]
[BlackElo "2577"]
[PlyCount "71"]
[EventDate "2021.12.17"]
[EventType "swiss (blitz)"]
[EventRounds "22"]
[EventCountry "POL"]
[SourceTitle "CBM 205 Extra"]
[Source "ChessBase"]
[SourceDate "2022.01.31"]
[SourceVersion "1"]
[SourceVersionDate "2022.01.31"]
[SourceQuality "1"]

1. e4 e6 2. d4 d5 3. Nc3 Nc6 4. Nf3 Nf6 5. e5 Ne4 6. Bd3 Bb4 7. Bd2 Nxd2 8. Qxd2 f6 9. 0-0-0 fxe5 10. Nxe5 Nxe5 11. dxe5 Qe7 12. a3 Bc5 13. Qf4 Bd7 14. f3 0-0-0 15. Rhe1 a6 16. Kb1 g5 17. Qg3 h5 18. f4 gxf4 19. Qxf4 Rdf8 20. Qc1 Qg7 21. g3 h4 22. Ne2 Rf2 23. Nf4 hxg3 24. hxg3 Qxg3 25. Ng6 Rd8 26. Rh1 Be3 27. Rdg1 Qf3 28. Qe1 Bd2 29. Qd1 Qxd1+ 30. Rxd1 c5 31. Rh7 c4 32. Bf1 c3 33. Bh3 Kb8 34. Ne7 cxb2 35. Kxb2 Bf4 36. Ng6 0-1

[Event "POL-ch U14"]
[Site "Uniejow"]
[Date "2021.07.25"]
[Round "9"]
[White "Trzebinski, Patryk"]
[Black "Krawczyk, Flawian"]
[Result "0-1"]
[WhiteElo "1609"]
[BlackElo "1984"]
[PlyCount "46"]
[EventDate "2021.07.18"]
[EventType "swiss"]
[EventRounds "9"]
[EventCountry "POL"]
[SourceTitle "EXT 2022"]
[Source "ChessBase"]
[SourceDate "2021.10.06"]
[SourceVersion "1"]
[SourceVersionDate "2021.10.06"]
[SourceQuality "1"]

1. e4 c5 2. Nf3 d6 3. c4 Nf6 4. Nc3 Bg4 5. Be2 Nc6 6. 0-0 g6 7. d3 Bxf3 8. Bxf3 Bg7 9. Be3 0-0 10. h4 Nd7 11. h5 Nd4 12. g4 e6 13. h6 Bh8 14. Bg2 Qh4 15. g5 f6 16. Qd2 Ne5 17. Bxd4 Ng4 18. Rfe1 cxd4 19. Nd1 fxg5 20. Kf1 Nh2+ 21. Kg1 g4 22. Qe2 Nf3+ 23. Kf1 Qh2 0-1

[Event "POL-ch U14"]
[Site "Uniejow"]
[Date "2021.07.24"]
[Round "8"]
[White "Grzebieniowski, Michal"]
[Black "Trzebinski, Patryk"]
[Result "0-1"]
[WhiteElo "1663"]
[BlackElo "1609"]
[PlyCount "74"]
[EventDate "2021.07.18"]
[EventType "swiss"]
[EventRounds "9"]
[EventCountry "POL"]
[SourceTitle "EXT 2022"]
[Source "ChessBase"]
[SourceDate "2021.10.06"]
[SourceVersion "1"]
[SourceVersionDate "2021.10.06"]
[SourceQuality "1"]

1. d4 Nf6 2. Nf3 g6 3. c4 Bg7 4. g3 d5 5. cxd5 Nxd5 6. Bg2 0-0 7. 0-0 Nb6 8. Nc3 Nc6 9. d5 Nb4 10. e4 e6 11. a3 Na6 12. Bg5 Bf6 13. Bxf6 Qxf6 14. e5 Qg7 15. d6 Rd8 16. Qd3 cxd6 17. exd6 Bd7 18. Nd2 Nc5 19. Qe3 Rac8 20. Rad1 Bc6 21. Bxc6 Rxc6 22. b4 Ncd7 23. Nde4 Rdc8 24. Nb5 Ra8 25. Nc7 Rc8 26. Nc5 Nxc5 27. bxc5 Nd7 28. Rc1 Qe5 29. Qxe5 Nxe5 30. Rfd1 Nd7 31. Kg2 Rxc5 32. Rxc5 Nxc5 33. d7 Rd8 34. Ne8 Kf8 35. Nf6 h5 36. Ne8 Rxd7 37. Nd6 Ne4 0-1

[Event "POL-ch U14"]
[Site "Uniejow"]
[Date "2021.07.23"]
[Round "7"]
[White "Trzebinski, Patryk"]
[Black "Borowik, Wojciech"]
[Result "1-0"]
[WhiteElo "1609"]
[BlackElo "1736"]
[PlyCount "63"]
[EventDate "2021.07.18"]
[EventType "swiss"]
[EventRounds "9"]
[EventCountry "POL"]
[SourceTitle "EXT 2022"]
[Source "ChessBase"]
[SourceDate "2021.10.06"]
[SourceVersion "1"]
[SourceVersionDate "2021.10.06"]
[SourceQuality "1"]

1. e4 c5 2. Nf3 d6 3. c4 Nf6 4. Nc3 Nc6 5. Be2 g6 6. d4 cxd4 7. Nxd4 Nxd4 8. Qxd4 Bg7 9. Be3 0-0 10. Qd3 Be6 11. 0-0 Qa5 12. Rac1 Rfc8 13. b3 a6 14. a4 Qb4 15. Qb1 Kf8 16. f4 Bg4 17. e5 Bf5 18. Bd3 Ng4 19. Nd5 Qa5 20. Bb6 Qd2 21. Bxf5 gxf5 22. Rcd1 Qe2 23. Rfe1 Qxe1+ 24. Rxe1 e6 25. Nc7 Rab8 26. h3 Nh6 27. exd6 Rd8 28. Nxe6+ fxe6 29. Bxd8 Bd4+ 30. Kh2 Rxd8 31. Rxe6 Kg7 32. Qd3 1-0

[Event "POL-ch U14"]
[Site "Uniejow"]
[Date "2021.07.20"]
[Round "2"]
[White "Musial, Igor"]
[Black "Trzebinski, Patryk"]
[Result "1-0"]
[WhiteElo "1903"]
[BlackElo "1609"]
[PlyCount "91"]
[EventDate "2021.07.18"]
[EventType "swiss"]
[EventRounds "9"]
[EventCountry "POL"]
[SourceTitle "EXT 2022"]
[Source "ChessBase"]
[SourceDate "2021.10.06"]
[SourceVersion "1"]
[SourceVersionDate "2021.10.06"]
[SourceQuality "1"]

1. e4 c5 2. Nf3 g6 3. d4 cxd4 4. Nxd4 Nc6 5. c4 Nf6 6. Nc3 Bg7 7. Be3 Ng4 8. Qxg4 Nxd4 9. Qd1 e5 10. Bd3 0-0 11. 0-0 d6 12. Ne2 Be6 13. f3 Rc8 14. b3 f5 15. Nxd4 exd4 16. Bf2 Qa5 17. exf5 gxf5 18. Re1 Rce8 19. a3 Bd7 20. b4 Qa4 21. Rxe8 Rxe8 22. Bc2 Qc6 23. Bxd4 Re1+ 24. Qxe1 Bxd4+ 25. Kh1 Bxa1 26. Qxa1 Qxc4 27. Qd1 Be6 28. h3 Kf7 29. Qd2 a6 30. f4 b5 31. Bd1 Ke7 32. Be2 Qb3 33. Qd3 Qxd3 34. Bxd3 d5 35. Kg1 Kd6 36. Kf2 d4 37. Ke2 Kd5 38. Bb1 Bd7 39. Kd3 h5 40. h4 Bc6 41. g3 Bb7 42. Ba2+ Kd6 43. Kxd4 Bf3 44. Bb1 Bg4 45. Bc2 Bh3 46. Bd1 1-0

[Event "POL-ch U14"]
[Site "Uniejow"]
[Date "2021.07.20"]
[Round "3"]
[White "Trzebinski, Patryk"]
[Black "Garwacki, Kornel"]
[Result "1-0"]
[WhiteElo "1609"]
[BlackElo "1478"]
[PlyCount "111"]
[EventDate "2021.07.18"]
[EventType "swiss"]
[EventRounds "9"]
[EventCountry "POL"]
[SourceTitle "EXT 2022"]
[Source "ChessBase"]
[SourceDate "2021.10.06"]
[SourceVersion "1"]
[SourceVersionDate "2021.10.06"]
[SourceQuality "1"]

1. e4 e5 2. Nf3 Nc6 3. Bc4 Nf6 4. d3 Bc5 5. Nc3 d6 6. Bg5 h6 7. Bh4 Be6 8. Nd5 Bxd5 9. Bxd5 g5 10. Bg3 Nxd5 11. exd5 Ne7 12. c4 Ng6 13. Qd2 g4 14. Ng1 f5 15. f4 exf4 16. Bxf4 Nxf4 17. Qxf4 Bb4+ 18. Kd1 Qf6 19. Kc2 0-0-0 20. Ne2 Rde8 21. Nd4 Re5 22. Kb3 Bc5 23. Rhf1 Rf8 24. Ne6 Re2 25. d4 Rf7 26. Rf2 Rxf2 27. Qxf2 Bb6 28. c5 dxc5 29. dxc5 Ba5 30. Ka4 b6 31. Qe2 Kd7 32. Rd1 f4 33. Qxg4 Qxb2 34. Ng5+ Kd8 35. Nxf7+ Ke7 36. d6+ Kf8 37. Qc8+ Kxf7 38. Qf5+ Kg7 39. Qb1 Qe2 40. Qa1+ Kg6 41. Qb1+ Kg7 42. Qb3 Qe4+ 43. Kb5 cxd6 44. cxd6 Qb7 45. Qb2+ Kf7 46. Qc2 a6+ 47. Ka4 Qd7+ 48. Ka3 Qb5 49. Qb3+ Qxb3+ 50. axb3 b5 51. d7 Ke7 52. Rd4 Bc7 53. Kb4 h5 54. Kc5 h4 55. h3 Bd8 56. Kc6 1-0

[Event "POL-chT U20 2nd League"]
[Site "Sypniewo"]
[Date "2020.??.??"]
[Round "8.20"]
[White "Nowak, Filip"]
[Black "Trzebinski, Patryk"]
[Result "0-1"]
[WhiteElo "1871"]
[BlackElo "1837"]
[PlyCount "96"]
[EventDate "2020.10.23"]
[EventType "team-swiss"]
[EventRounds "9"]
[EventCountry "POL"]
[SourceTitle "CBM 199 Extra"]
[Source "ChessBase"]
[SourceDate "2021.01.31"]
[SourceVersion "1"]
[SourceVersionDate "2021.01.31"]
[SourceQuality "1"]

1. e4 d5 2. exd5 Nf6 3. d4 Nxd5 4. Nf3 Bg4 5. h3 Bh5 6. c4 Nb6 7. Be3 e6 8. Nc3 Nc6 9. g4 Bg6 10. b3 Ba3 11. Bc1 Bb4 12. Bb2 Be4 13. Be2 Qf6 14. 0-0 Bxc3 15. Bxc3 0-0-0 16. Ne5 Nxe5 17. dxe5 Qh4 18. Qc1 Qxh3 19. f3 h5 20. g5 Bd3 21. Qe3 Qg3+ 22. Kh1 Qh4+ 23. Kg1 Bxe2 24. Qxe2 Qxg5+ 25. Kh1 Qh4+ 26. Kg1 Qg3+ 27. Kh1 Qh3+ 28. Kg1 Rh6 29. Rf2 Rg6+ 30. Rg2 Rxg2+ 31. Qxg2 Qxg2+ 32. Kxg2 Rd3 33. Bb4 Nd7 34. f4 c5 35. Be1 g5 36. fxg5 Nxe5 37. Bg3 Ng6 38. Rf1 h4 39. Be1 h3+ 40. Kh2 Ne5 41. Bg3 Nf3+ 42. Kxh3 Nxg5+ 43. Kg4 f5+ 44. Kxg5 Rxg3+ 45. Kf6 Re3 46. Rh1 Kd7 47. Rh7+ Kc6 48. Rh8 f4 0-1

[Event "EU-ch U12"]
[Site "Bratislava"]
[Date "2019.08.09"]
[Round "8"]
[White "Trzebinski, Patryk"]
[Black "Cina`, Vittorio"]
[Result "1-0"]
[WhiteElo "1557"]
[BlackElo "1780"]
[PlyCount "101"]
[EventDate "2019.08.02"]
[EventType "swiss"]
[EventRounds "9"]
[EventCountry "SVK"]
[SourceTitle "EXT 2020"]
[Source "ChessBase"]
[SourceDate "2019.10.17"]
[SourceVersion "1"]
[SourceVersionDate "2019.10.17"]
[SourceQuality "1"]

1. e4 e6 2. d4 d5 3. Nc3 Nf6 4. e5 Nfd7 5. Nf3 a6 6. Bd3 c5 7. dxc5 Bxc5 8. 0-0 Nc6 9. Re1 Qb6 10. Qe2 Nd4 11. Qd1 Nxf3+ 12. Qxf3 Bd4 13. Qg3 g6 14. Qf4 Bc5 15. Bd2 Qc7 16. Qh6 Bf8 17. Qh4 Qd8 18. Bg5 Be7 19. f4 Bxg5 20. fxg5 h6 21. Nxd5 exd5 22. e6 Qb6+ 23. Kh1 fxe6 24. Bxg6+ Kd8 25. gxh6+ Kc7 26. Qg3+ e5 27. h7 Qxb2 28. Rab1 Qd4 29. c3 Qc5 30. Rxe5 Nxe5 31. Qxe5+ Qd6 32. Qxh8 Qxg6 33. Qe5+ Kc6 34. Rb6+ Kxb6 35. Qd4+ Kc6 36. h8Q Qb1+ 37. Qg1 Bf5 38. Qxb1 Rxh8 39. Qxf5 Re8 40. Qg6+ Kd7 41. Qf7+ Re7 42. Qxd5+ Kc7 43. h4 b5 44. h5 b4 45. cxb4 a5 46. Qxa5+ Kb7 47. h6 Rh7 48. Qd5+ Kb6 49. Qd6+ Ka7 50. Qg6 Rb7 51. h7 1-0

[Event "EU-ch U12"]
[Site "Bratislava"]
[Date "2019.08.07"]
[Round "6"]
[White "Franc, Borna"]
[Black "Trzebinski, Patryk"]
[Result "1-0"]
[WhiteElo "1826"]
[BlackElo "1557"]
[PlyCount "149"]
[EventDate "2019.08.02"]
[EventType "swiss"]
[EventRounds "9"]
[EventCountry "SVK"]
[SourceTitle "EXT 2020"]
[Source "ChessBase"]
[SourceDate "2019.10.17"]
[SourceVersion "1"]
[SourceVersionDate "2019.10.17"]
[SourceQuality "1"]

1. e4 c5 2. Nf3 d6 3. d4 cxd4 4. Nxd4 Nf6 5. Nc3 g6 6. Be2 Bg7 7. 0-0 0-0 8. Be3 Nc6 9. Qd2 Be6 10. Nxe6 fxe6 11. Rad1 Rc8 12. Bc4 Qd7 13. Bb3 Ng4 14. f4 Nxe3 15. Qxe3 Kh8 16. Kh1 Na5 17. Qxa7 Nc4 18. Bxc4 Rxc4 19. Rde1 Bxc3 20. bxc3 Ra4 21. Qb6 Rxa2 22. Qb3 Ra4 23. h3 b5 24. Rf3 d5 25. exd5 exd5 26. Re5 e6 27. g3 Qc6 28. Kg2 Re4 29. Rxe4 dxe4 30. Re3 Rd8 31. Qb4 Qd6 32. Qxe4 Qd5 33. Qxd5 exd5 34. Kf3 Rc8 35. Rd3 Kg7 36. Ke3 Kf6 37. Kd4 Ke6 38. Re3+ Kd6 39. Re5 Rc4+ 40. Kd3 Rc8 41. h4 h6 42. h5 g5 43. Rf5 gxf4 44. Rxf4 Ke5 45. Rg4 Rc6 46. Rf4 Ra6 47. Rf7 Ra3 48. Rb7 Ra4 49. Rxb5 Rg4 50. Rb6 Rxg3+ 51. Kd2 Rh3 52. Rxh6 d4 53. cxd4+ Kxd4 54. Kc1 Kc3 55. Rc6+ Kd4 56. h6 Kd5 57. Rg6 Kc4 58. Kb2 Rh5 59. Ra6 Kb5 60. Re6 Kb4 61. Kc1 Kc3 62. Rc6+ Kd4 63. c3+ Kd5 64. Rg6 Kc4 65. Kd2 Rh2+ 66. Ke3 Kxc3 67. Ke4 Kc4 68. Ke5 Kc5 69. Kf6 Kd6 70. Kg7+ Ke7 71. h7 Rh5 72. h8Q Rh7+ 73. Kxh7 Kf7 74. Qg7+ Ke8 75. Rf6 1-0

[Event "EU-ch U12"]
[Site "Bratislava"]
[Date "2019.08.05"]
[Round "4"]
[White "Trzebinski, Patryk"]
[Black "Herwy, Jakub"]
[Result "1-0"]
[WhiteElo "1557"]
[BlackElo "1720"]
[PlyCount "99"]
[EventDate "2019.08.02"]
[EventType "swiss"]
[EventRounds "9"]
[EventCountry "SVK"]
[SourceTitle "EXT 2020"]
[Source "ChessBase"]
[SourceDate "2019.10.17"]
[SourceVersion "1"]
[SourceVersionDate "2019.10.17"]
[SourceQuality "1"]

1. e4 c5 2. Nf3 e6 3. d4 cxd4 4. Nxd4 a6 5. Bd3 Bc5 6. Nb3 Be7 7. Qg4 g6 8. Be3 d6 9. Qe2 Nd7 10. Nc3 Qc7 11. f4 Ngf6 12. g4 b5 13. g5 Nh5 14. f5 b4 15. Bd4 0-0 16. f6 Bd8 17. Nd1 Nc5 18. Qf2 Nxd3+ 19. cxd3 Bb7 20. 0-0 e5 21. Be3 a5 22. Qe2 Ba6 23. Nf2 Qb7 24. Nd2 Bb6 25. Nc4 Bxc4 26. dxc4 Qa7 27. Bxb6 Qxb6 28. Kh1 Nf4 29. Qd2 Rfc8 30. Ng4 Qc6 31. Nh6+ Kf8 32. Rfe1 Ne6 33. b3 Nd4 34. Qd3 Qd7 35. Rg1 a4 36. Ng4 axb3 37. Qh3 Ke8 38. axb3 Qb7 39. Rae1 Ra3 40. Rg3 Rca8 41. Qxh7 Ne6 42. Qg8+ Nf8 43. Rh3 Ra1 44. Qxf8+ Kd7 45. Qxf7+ Kc6 46. Qd5+ Kb6 47. Qb5+ Ka7 48. Rxa1+ Kb8 49. Rh8+ Kc7 50. Rh7+ 1-0

[Event "EU-ch U12"]
[Site "Bratislava"]
[Date "2019.08.03"]
[Round "2"]
[White "Trzebinski, Patryk"]
[Black "Venkatesan, Kavin"]
[Result "0-1"]
[WhiteElo "1557"]
[BlackElo "1824"]
[PlyCount "94"]
[EventDate "2019.08.02"]
[EventType "swiss"]
[EventRounds "9"]
[EventCountry "SVK"]
[SourceTitle "EXT 2020"]
[Source "ChessBase"]
[SourceDate "2019.10.17"]
[SourceVersion "1"]
[SourceVersionDate "2019.10.17"]
[SourceQuality "1"]

1. e4 c5 2. Nf3 d6 3. d4 cxd4 4. Nxd4 Nf6 5. Nc3 a6 6. Be3 e5 7. Nb3 Be7 8. h3 Be6 9. f4 exf4 10. Bxf4 0-0 11. Qe2 Nc6 12. 0-0-0 Qc7 13. g4 b5 14. g5 Nd7 15. h4 Nce5 16. Bh3 b4 17. Nd5 Bxd5 18. Rxd5 Nb6 19. Rdd1 a5 20. Nd4 a4 21. Nf5 b3 22. a3 bxc2 23. Rd2 Qb7 24. Rxc2 Rfe8 25. Kd2 Nbc4+ 26. Ke1 Qb3 27. Rc3 Qxb2 28. Qxb2 Nxb2 29. Bxe5 dxe5 30. Nxe7+ Rxe7 31. Rh2 Rb7 32. Rhc2 g6 33. Bf1 Kg7 34. Rc5 Rd8 35. Rd5 Rdb8 36. Rcc5 Rb3 37. Rb5 R8xb5 38. Rxb5 Nd3+ 39. Bxd3 Rxd3 40. Rxe5 Rxa3 41. Ke2 Rh3 42. Ra5 a3 43. e5 a2 44. Kf2 Rh1 45. Rxa2 Rh2+ 46. Kg3 Rxa2 47. Kg4 Ra4+ 0-1

[Event "EU-ch U12"]
[Site "Bratislava"]
[Date "2019.08.02"]
[Round "1"]
[White "Stevik, Patrik1111"]
[Black "Trzebinski, Patryk"]
[Result "1-0"]
[WhiteElo "1941"]
[BlackElo "1557"]
[PlyCount "71"]
[EventDate "2019.08.02"]
[EventType "swiss"]
[EventRounds "9"]
[EventCountry "SVK"]
[SourceTitle "EXT 2020"]
[Source "ChessBase"]
[SourceDate "2019.10.17"]
[SourceVersion "1"]
[SourceVersionDate "2019.10.17"]
[SourceQuality "1"]

1. e4 d5 2. exd5 Nf6 3. d4 Nxd5 4. Nf3 Bg4 5. h3 Bxf3 6. Qxf3 e6 7. c3 Qf6 8. Qxf6 gxf6 9. Be2 Nc6 10. a4 0-0-0 11. Na3 e5 12. dxe5 fxe5 13. Bg4+ Kb8 14. 0-0 h5 15. Bf5 Bh6 16. Bxh6 Rxh6 17. Rad1 Nde7 18. Rxd8+ Nxd8 19. Bc2 c6 20. Rd1 Kc7 21. Nc4 f6 22. Nd6 Rh8 23. Ne4 Rf8 24. Nc5 Nd5 25. c4 Nf4 26. Kf1 Rf7 27. Bf5 b6 28. Ne4 Nde6 29. g3 Ng7 30. Nd6 Rf8 31. gxf4 a6 32. Bc2 exf4 33. b4 Ne6 34. h4 f3 35. Nf5 Rg8 36. Re1 1-0